[Event "ESP-ch Rapid 2018"]
[Site "Linares"]
[Date "2018.08.19"]
[Round "7"]
[White "Campos Gambuti, Luis Maria"]
[Black "Buendia Pinar, Alvaro"]
[Result "1/2-1/2"]
[WhiteElo "2382"]
[BlackElo "2278"]
[Annotator "NA"]
[PlyCount "87"]
[EventDate "2018.08.19"]
[EventType "team-tourn"]
[EventCountry "ESP"]
[SourceTitle "playchess.com"]
[Source "ChessBase"]
[SourceQuality "1"]
[TimeControl "900+5"]

1. d4 {[%emt 0:00:00]} d5 {[%emt 0:00:00]} 2. Nf3 {[%emt 0:00:00]} Nf6 {[%emt 0:00:02]} 3. Bf4 {[%emt 0:00:17]} a6 {[%emt 0:01:09]} 4. e3 {[%emt 0:00:08]} Nbd7 {[%emt 0:00:04]} 5. c4 {[%emt 0:00:33]} e6 {[%emt 0:00:05]} 6. Nc3 {[%emt 0:00:04]} c6 {[%emt 0:00:18]} 7. c5 {[%emt 0:00:19]} b6 {[%emt 0:00:20]} 8. b4 {[%emt 0:00:05]} Be7 {[%emt 0:00:32]} 9. h3 {[%emt 0:00:02]} bxc5 {[%emt 0:00:42]} 10. bxc5 {[%emt 0:00:02]} Ne4 {[%emt 0:00:53]} 11. Nxe4 {[%emt 0:00:10]} dxe4 {[%emt 0:00:02]} 12. Nd2 {[%emt 0:00:02]} e5 {[%emt 0:00:08]} 13. dxe5 {[%emt 0:03:36]} Qa5 {[%emt 0:01:49]} 14. Bc4 {[%emt 0:00:19]} Nxc5 {[%emt 0:00:51]} 15. O-O {[%emt 0:00:06]} O-O {[%emt 0:00:23]} 16. Nb3 {[%emt 0:00:17]} Nxb3 {[%emt 0:00:07]} 17. axb3 {[%emt 0:00:02]} Qb6 {[%emt 0:00:08]} 18. Qh5 {[%emt 0:01:14]} c5 {[%emt 0:00:48]} 19. Rfd1 {[%emt 0:00:33]} Be6 {[%emt 0:00:12]} 20. Bg5 {[%emt 0:00:36]} Bxg5 {[%emt 0:00:15]} 21. Qxg5 {[%emt 0:00:01]} Bxc4 {[%emt 0:00:07]} 22. bxc4 {[%emt 0:00:02]} a5 {[%emt 0:00:16]} 23. Qf5 {[%emt 0:00:23]} Qg6 {[%emt 0:00:43]} 24. Qd7 {[%emt 0:00:56]} Qe6 {[%emt 0:01:56]} 25. Qb5 {[%emt 0:00:25]} Qxe5 {[%emt 0:02:24]} 26. Rxa5 {[%emt 0:00:08]} Rac8 {[%emt 0:00:05]} 27. Qb7 {[%emt 0:00:38]} Qc3 {[%emt 0:00:23]} 28. Qa6 {[%emt 0:01:27]} h6 {[%emt 0:00:19]} 29. Raa1 {[%emt 0:00:29]} Rcd8 {[%emt 0:00:53]} 30. Qb5 {[%emt 0:00:22]} Rb8 {[%emt 0:00:35]} 31. Qxc5 {[%emt 0:00:19]} Rbc8 {[%emt 0:00:01]} 32. Qd4 {[%emt 0:00:17]} Qxc4 {[%emt 0:00:17]} 33. Ra7 {[%emt 0:00:42]} Qe6 {[%emt 0:00:25]} 34. Qd5 {[%emt 0:00:17]} Qxd5 {[%emt 0:00:15]} 35. Rxd5 {[%emt 0:00:02]} Rce8 {[%emt 0:00:02]} 36. Rd4 {[%emt 0:00:05]} Re6 {[%emt 0:00:03]} 37. Raa4 {[%emt 0:00:12]} Rfe8 {[%emt 0:00:01]} 38. g4 {[%emt 0:00:10]} g6 {[%emt 0:00:09]} 39. Kg2 {[%emt 0:00:02]} Kg7 {[%emt 0:00:01]} 40. Kg3 {[%emt 0:00:01]} R8e7 {[%emt 0:00:02]} 41. h4 {[%emt 0:00:06]} Re8 {[%emt 0:00:21]} 42. Kg2 {[%emt 0:00:42]} Re5 {[%emt 0:00:15]} 43. Kg3 R5e6 44. Kg2 {[%emt 0:00:15]} 1/2-1/2

[Event "ESP-ch Rapid 2018"]
[Site "Linares"]
[Date "2018.08.19"]
[Round "7"]
[White "Domingo Nunez, Alejandro"]
[Black "Tejedor Fuente, Enrique"]
[Result "0-1"]
[WhiteElo "2373"]
[BlackElo "2408"]
[Annotator "NA"]
[PlyCount "118"]
[EventDate "2018.08.19"]
[EventType "team-tourn"]
[EventCountry "ESP"]
[SourceTitle "playchess.com"]
[Source "ChessBase"]
[SourceQuality "1"]
[TimeControl "900+5"]

1. e4 {[%emt 0:00:00]} c6 {[%emt 0:00:38]} 2. Nf3 {[%emt 0:00:04]} d5 {[%emt 0:00:02]} 3. Nc3 {[%emt 0:00:00]} Bg4 {[%emt 0:00:02]} 4. h3 {[%emt 0:00:01]} Bxf3 {[%emt 0:00:06]} 5. Qxf3 {[%emt 0:00:02]} e6 {[%emt 0:00:05]} 6. d3 {[%emt 0:00:01]} Nd7 {[%emt 0:00:13]} 7. Bd2 {[%emt 0:00:02]} Bd6 {[%emt 0:00:04]} 8. d4 {[%emt 0:01:06]} Ne7 {[%emt 0:00:31]} 9. Bd3 {[%emt 0:00:16]} Qb6 {[%emt 0:00:15]} 10. e5 {[%emt 0:00:23]} Bc7 {[%emt 0:03:05]} 11. Qg4 {[%emt 0:00:05]} h5 {[%emt 0:00:42]} 12. Qh4 {[%emt 0:01:24]} c5 {[%emt 0:00:54]} 13. dxc5 {[%emt 0:02:26]} Nxc5 {[%emt 0:00:51]} 14. Bb5+ {[%emt 0:06:10]} Kf8 {[%emt 0:00:01]} 15. Bg5 {[%emt 0:01:13]} Nf5 {[%emt 0:02:09]} 16. Qb4 {[%emt 0:00:01]} a6 {[%emt 0:01:44]} 17. O-O-O {[%emt 0:00:20]} axb5 {[%emt 0:00:54]} 18. g4 {[%emt 0:00:00]} Nh6 {[%emt 0:01:28]} 19. Be3 {[%emt 0:00:14]} Kg8 {[%emt 0:00:51]} 20. Bxc5 Qc6 21. f4 {[%emt 0:00:34]} Ba5 {[%emt 0:00:31]} 22. Qa3 {[%emt 0:01:17]} Kh7 {[%emt 0:00:02]} 23. Bb4 {[%emt 0:00:10]} Bb6 {[%emt 0:00:32]} 24. Qb3 {[%emt 0:00:01]} Be3+ {[%emt 0:00:22]} 25. Kb1 {[%emt 0:00:06]} Bxf4 {[%emt 0:00:01]} 26. Bd6 {[%emt 0:00:30]} Rhc8 {[%emt 0:00:49]} 27. Rhf1 {[%emt 0:00:35]} Bg5 28. Rf3 {[%emt 0:00:08]} hxg4 {[%emt 0:00:17]} 29. hxg4 Qc4 {[%emt 0:00:06]} 30. Nxb5 {[%emt 0:00:05]} Qxg4 {[%emt 0:00:08]} 31. Qd3+ {[%emt 0:00:03]} Qe4 {[%emt 0:00:02]} 32. Rh1 {[%emt 0:00:07]} Qxd3 {[%emt 0:00:06]} 33. cxd3 {[%emt 0:00:01]} Kg8 {[%emt 0:00:06]} 34. Rg1 {[%emt 0:00:01]} Bd8 {[%emt 0:00:05]} 35. Rfg3 {[%emt 0:00:09]} Nf5 {[%emt 0:00:01]} 36. Rh3 {[%emt 0:00:00]} Ra5 {[%emt 0:00:03]} 37. Rgh1 {[%emt 0:00:04]} Nh6 {[%emt 0:00:02]} 38. Nd4 {[%emt 0:00:04]} Ra4 {[%emt 0:00:02]} 39. Nb3 {[%emt 0:00:18]} b6 {[%emt 0:00:13]} 40. Nd2 {[%emt 0:00:10]} Rc6 {[%emt 0:00:07]} 41. Ba3 {[%emt 0:00:06]} Bc7 {[%emt 0:00:05]} 42. Nf3 {[%emt 0:00:01]} Rf4 {[%emt 0:00:06]} 43. Be7 {[%emt 0:00:01]} Rxf3 {[%emt 0:00:08]} 44. Rxf3 Bxe5 45. Bg5 {[%emt 0:00:04]} Nf5 {[%emt 0:00:01]} 46. Rfh3 f6 47. Rh8+ {[%emt 0:00:02]} Kf7 {[%emt 0:00:01]} 48. Bd2 {[%emt 0:00:04]} Rc7 {[%emt 0:00:17]} 49. Rb8 {[%emt 0:00:08]} Rc6 {[%emt 0:00:10]} 50. Rb7+ {[%emt 0:00:01]} Kg8 {[%emt 0:00:05]} 51. Rc1 {[%emt 0:00:08]} Rxc1+ {[%emt 0:00:04]} 52. Kxc1 {[%emt 0:00:04]} Bd4 {[%emt 0:00:03]} 53. a4 {[%emt 0:00:19]} g5 {[%emt 0:00:00]} 54. a5 {[%emt 0:00:12]} bxa5 {[%emt 0:00:01]} 55. Bxa5 {[%emt 0:00:01]} g4 {[%emt 0:00:02]} 56. Bb6 {[%emt 0:00:11]} g3 {[%emt 0:00:11]} 57. Bc7 {[%emt 0:00:04]} e5 {[%emt 0:00:08]} 58. Rb8+ {[%emt 0:00:03]} Kg7 {[%emt 0:00:04]} 59. Bd6 {[%emt 0:00:09]} Nxd6 {[%emt 0:00:05]} 0-1

[Event "ESP-ch Rapid 2018"]
[Site "Linares"]
[Date "2018.08.19"]
[Round "7"]
[White "Lianes Garcia, Marcos"]
[Black "Estremera Panos, Sergio"]
[Result "1-0"]
[WhiteElo "2340"]
[BlackElo "2337"]
[Annotator "NA"]
[PlyCount "105"]
[EventDate "2018.08.19"]
[EventType "team-tourn"]
[EventCountry "ESP"]
[SourceTitle "playchess.com"]
[Source "ChessBase"]
[SourceQuality "1"]
[TimeControl "900+5"]

1. e4 {[%emt 0:00:00]} c5 {[%emt 0:00:00]} 2. g3 {[%emt 0:00:00]} Nc6 {[%emt 0:00:02]} 3. Bg2 {[%emt 0:00:00]} g6 {[%emt 0:00:08]} 4. Ne2 {[%emt 0:00:00]} Bg7 {[%emt 0:00:02]} 5. c3 {[%emt 0:00:01]} e5 {[%emt 0:00:15]} 6. O-O {[%emt 0:00:07]} Nge7 {[%emt 0:00:02]} 7. d3 {[%emt 0:00:07]} d5 {[%emt 0:00:35]} 8. exd5 {[%emt 0:00:51]} Nxd5 {[%emt 0:00:02]} 9. Na3 {[%emt 0:02:12]} O-O {[%emt 0:00:05]} 10. Nc2 {[%emt 0:00:41]} Re8 {[%emt 0:02:06]} 11. d4 {[%emt 0:01:24]} exd4 {[%emt 0:01:10]} 12. cxd4 {[%emt 0:00:01]} Bg4 {[%emt 0:01:16]} 13. f3 {[%emt 0:00:09]} Bf5 {[%emt 0:00:11]} 14. dxc5 {[%emt 0:00:38]} Ndb4 {[%emt 0:01:09]} 15. Nxb4 {[%emt 0:00:27]} Nxb4 {[%emt 0:00:14]} 16. Nc3 {[%emt 0:04:21]} Qxd1 {[%emt 0:01:34]} 17. Rxd1 {[%emt 0:00:01]} Nc2 {[%emt 0:00:23]} 18. Rb1 {[%emt 0:00:09]} Ne1 {[%emt 0:00:43]} 19. Ra1 {[%emt 0:01:56]} Nc2 {[%emt 0:00:26]} 20. Rb1 {[%emt 0:00:01]} Bd4+ {[%emt 0:02:49]} 21. Kh1 {[%emt 0:00:24]} Bxc5 {[%emt 0:00:44]} 22. Bf4 {[%emt 0:00:45]} Be3 {[%emt 0:00:37]} 23. Ne4 {[%emt 0:02:07]} Bxf4 {[%emt 0:00:06]} 24. gxf4 {[%emt 0:00:06]} Kg7 {[%emt 0:00:13]} 25. Rd2 {[%emt 0:00:09]} Ne3 {[%emt 0:00:07]} 26. Re1 {[%emt 0:00:02]} Nxg2 {[%emt 0:00:25]} 27. Kxg2 {[%emt 0:00:01]} Rad8 {[%emt 0:00:07]} 28. Rxd8 {[%emt 0:00:08]} Rxd8 {[%emt 0:00:01]} 29. Re2 {[%emt 0:00:01]} h5 {[%emt 0:00:20]} 30. Rd2 {[%emt 0:00:22]} Rd7 {[%emt 0:00:55]} 31. Rxd7 {[%emt 0:00:07]} Bxd7 {[%emt 0:00:01]} 32. Kf2 {[%emt 0:00:02]} Bc6 {[%emt 0:00:07]} 33. Ke3 {[%emt 0:00:10]} Kf8 {[%emt 0:00:05]} 34. h4 {[%emt 0:00:03]} Ke7 {[%emt 0:00:02]} 35. Nc5 {[%emt 0:00:05]} Kd6 {[%emt 0:00:08]} 36. Nd3 {[%emt 0:00:03]} Ke6 {[%emt 0:00:08]} 37. Nf2 {[%emt 0:00:07]} f6 {[%emt 0:00:04]} 38. Nh1 {[%emt 0:00:12]} g5 {[%emt 0:00:16]} 39. fxg5 {[%emt 0:00:01]} fxg5 {[%emt 0:00:00]} 40. hxg5 {[%emt 0:00:08]} Kf5 {[%emt 0:00:01]} 41. g6 {[%emt 0:00:03]} Kxg6 {[%emt 0:00:03]} 42. Kf4 {[%emt 0:00:01]} Bd7 {[%emt 0:00:17]} 43. a3 {[%emt 0:00:02]} h4 {[%emt 0:00:06]} 44. Nf2 {[%emt 0:00:01]} Kf6 {[%emt 0:00:16]} 45. Ne4+ {[%emt 0:00:02]} Kg6 {[%emt 0:00:02]} 46. Nf2 {[%emt 0:00:08]} Kf6 {[%emt 0:00:02]} 47. Ne4+ {[%emt 0:00:18]} Kg6 {[%emt 0:00:00]} 48. Nf2 {[%emt 0:00:00]} b6 {[%emt 0:00:02]} 49. Ne4 {[%emt 0:00:00]} a5 {[%emt 0:00:14]} 50. b4 {[%emt 0:00:00]} a4 {[%emt 0:00:03]} 51. Nc3 {[%emt 0:00:00]} b5 {[%emt 0:00:11]} 52. Ne4 {[%emt 0:00:00]} h3 {[%emt 0:00:10]} 53. Kg3 {[%emt 0:00:09]} 1-0

[Event "ESP-ch Rapid 2018"]
[Site "Linares"]
[Date "2018.08.19"]
[Round "7"]
[White "Blanco Acevedo, Cristobal Jose"]
[Black "Santos Latasa, Jaime"]
[Result "0-1"]
[WhiteElo "2336"]
[BlackElo "2582"]
[Annotator "ChessBase"]
[PlyCount "102"]
[EventDate "2018.08.19"]
[EventType "team-tourn"]
[EventCountry "ESP"]
[SourceTitle "playchess.com"]
[Source "ChessBase"]
[SourceQuality "1"]
[TimeControl "900+5"]

1. g3 {[%emt 0:00:00]} c5 {[%emt 0:00:05]} 2. Bg2 {[%emt 0:00:00]} Nc6 {[%emt 0:00:01]} 3. c4 {[%emt 0:00:08]} g6 {[%emt 0:00:03]} 4. Nc3 {[%emt 0:00:25]} Bg7 {[%emt 0:00:01]} 5. e4 {[%emt 0:00:11]} d6 {[%emt 0:00:04]} 6. h3 {[%emt 0:00:07]} Nf6 {[%emt 0:00:21]} 7. Nge2 {[%emt 0:00:09]} O-O {[%emt 0:00:04]} 8. O-O {[%emt 0:00:05]} a6 {[%emt 0:00:01]} 9. d3 {[%emt 0:00:21]} Rb8 {[%emt 0:00:03]} 10. a4 {[%emt 0:00:01]} Nd7 {[%emt 0:00:09]} 11. Be3 {[%emt 0:00:11]} Nd4 {[%emt 0:00:07]} 12. f4 {[%emt 0:00:41]} e6 {[%emt 0:00:04]} 13. g4 {[%emt 0:00:31]} b6 {[%emt 0:00:27]} 14. Rb1 {[%emt 0:01:46]} Bb7 {[%emt 0:00:02]} 15. b4 {[%emt 0:00:09]} f5 {[%emt 0:00:03]} 16. b5 {[%emt 0:00:08]} axb5 {[%emt 0:00:06]} 17. Nxb5 {[%emt 0:00:19]} Nxb5 {[%emt 0:00:07]} 18. cxb5 {[%emt 0:01:04]} d5 {[%emt 0:00:18]} 19. e5 {[%emt 0:00:20]} d4 {[%emt 0:00:09]} 20. Bd2 {[%emt 0:01:06]} Bxg2 {[%emt 0:00:30]} 21. Kxg2 {[%emt 0:00:01]} Qc7 {[%emt 0:00:16]} 22. g5 {[%emt 0:00:52]} h6 {[%emt 0:00:44]} 23. h4 {[%emt 0:00:44]} Qb7+ {[%emt 0:00:01]} 24. Kf2 {[%emt 0:00:33]} hxg5 {[%emt 0:00:44]} 25. hxg5 {[%emt 0:00:01]} Kf7 {[%emt 0:00:02]} 26. Rh1 {[%emt 0:00:39]} Rh8 {[%emt 0:00:03]} 27. Ng3 {[%emt 0:01:18]} Bxe5 {[%emt 0:00:49]} 28. fxe5 {[%emt 0:00:51]} Nxe5 {[%emt 0:00:02]} 29. Qe2 {[%emt 0:00:35]} Ng4+ {[%emt 0:00:17]} 30. Kg1 {[%emt 0:00:02]} Rxh1+ {[%emt 0:00:02]} 31. Nxh1 {[%emt 0:00:05]} Rh8 {[%emt 0:00:02]} 32. Qg2 {[%emt 0:00:41]} Qxg2+ {[%emt 0:00:29]} 33. Kxg2 {[%emt 0:00:03]} Rh2+ {[%emt 0:00:02]} 34. Kg1 {[%emt 0:00:01]} Rxd2 {[%emt 0:00:03]} 35. a5 {[%emt 0:00:01]} Ke7 {[%emt 0:00:31]} 36. axb6 {[%emt 0:00:17]} Kd6 {[%emt 0:00:06]} 37. Ra1 {[%emt 0:00:30]} Rb2 {[%emt 0:00:06]} 38. Ra6 {[%emt 0:00:06]} Rxb5 {[%emt 0:00:09]} 39. b7+ {[%emt 0:00:02]} Kd5 {[%emt 0:00:17]} 40. Ra7 {[%emt 0:00:03]} Ne5 {[%emt 0:00:36]} 41. Nf2 {[%emt 0:00:10]} Nc6 {[%emt 0:00:02]} 42. b8=Q Rxb8 {[%emt 0:00:32]} 43. Rd7+ {[%emt 0:00:29]} Ke5 {[%emt 0:00:01]} 44. Kg2 {[%emt 0:00:01]} Rb3 {[%emt 0:01:08]} 45. Rg7 {[%emt 0:00:08]} Nb4 {[%emt 0:00:10]} 46. Rxg6 {[%emt 0:01:18]} Nxd3 {[%emt 0:00:02]} 47. Nxd3+ {[%emt 0:00:01]} Rxd3 {[%emt 0:00:04]} 48. Rg8 {[%emt 0:00:01]} c4 {[%emt 0:00:15]} 49. Kf2 {[%emt 0:00:04]} c3 {[%emt 0:00:04]} 50. Rc8 {[%emt 0:00:06]} Kf4 {[%emt 0:00:05]} 51. g6 {[%emt 0:00:27]} Rg3 {[%emt 0:00:06]} 0-1

[Event "ESP-ch Rapid 2018"]
[Site "Linares"]
[Date "2018.08.19"]
[Round "7"]
[White "Galiana Fernandez, Adrian"]
[Black "Gavilan Diaz, Mario"]
[Result "0-1"]
[WhiteElo "2291"]
[BlackElo "2334"]
[Annotator "NA"]
[PlyCount "52"]
[EventDate "2018.08.19"]
[EventType "team-tourn"]
[EventCountry "ESP"]
[SourceTitle "playchess.com"]
[Source "ChessBase"]
[SourceQuality "1"]
[TimeControl "900+5"]

1. Nf3 {[%emt 0:00:00]} Nf6 {[%emt 0:00:00]} 2. b3 {[%emt 0:00:01]} g6 {[%emt 0:00:04]} 3. Bb2 {[%emt 0:00:02]} Bg7 {[%emt 0:00:01]} 4. g3 {[%emt 0:00:01]} O-O {[%emt 0:00:03]} 5. Bg2 {[%emt 0:00:01]} d6 {[%emt 0:00:01]} 6. d4 {[%emt 0:00:07]} e5 {[%emt 0:00:04]} 7. dxe5 {[%emt 0:00:02]} Ng4 {[%emt 0:00:02]} 8. Nbd2 {[%emt 0:00:20]} Nc6 {[%emt 0:00:14]} 9. O-O {[%emt 0:02:08]} Ngxe5 {[%emt 0:00:32]} 10. Qc1 {[%emt 0:00:08]} Re8 {[%emt 0:00:12]} 11. e3 {[%emt 0:00:49]} a5 {[%emt 0:03:02]} 12. a4 {[%emt 0:00:27]} Bg4 {[%emt 0:02:51]} 13. h3 {[%emt 0:01:27]} Bd7 {[%emt 0:00:19]} 14. Nxe5 {[%emt 0:00:04]} Nxe5 {[%emt 0:00:11]} 15. Kh2 {[%emt 0:01:23]} Bc6 {[%emt 0:01:42]} 16. e4 {[%emt 0:00:04]} Nd7 {[%emt 0:00:38]} 17. f4 {[%emt 0:02:06]} f5 {[%emt 0:01:52]} 18. Bxg7 {[%emt 0:03:13]} Kxg7 {[%emt 0:00:02]} 19. exf5 {[%emt 0:00:16]} Re2 {[%emt 0:00:17]} 20. Nf3 {[%emt 0:00:04]} gxf5 {[%emt 0:00:12]} 21. Qd1 {[%emt 0:00:46]} Qe7 {[%emt 0:00:37]} 22. Qd4+ {[%emt 0:01:18]} Qf6 {[%emt 0:00:38]} 23. Qc4 {[%emt 0:01:52]} Rae8 {[%emt 0:00:38]} 24. Kg1 {[%emt 0:00:05]} R8e4 {[%emt 0:01:33]} 25. Qd3 {[%emt 0:00:01]} R4e3 {[%emt 0:00:00]} 26. Qc4 {[%emt 0:00:00]} Nb6 {[%emt 0:00:22]} 0-1

[Event "ESP-ch Rapid 2018"]
[Site "Linares"]
[Date "2018.08.19"]
[Round "7"]
[White "Martin Rueda, Daniel"]
[Black "Salgado Lopez, Ivan"]
[Result "0-1"]
[WhiteElo "2267"]
[BlackElo "2643"]
[Annotator "ChessBase"]
[PlyCount "85"]
[EventDate "2018.08.19"]
[EventType "team-tourn"]
[EventCountry "ESP"]
[SourceTitle "playchess.com"]
[Source "ChessBase"]
[SourceQuality "1"]
[TimeControl "900+5"]

1. d4 {[%emt 0:00:00]} Nf6 {[%emt 0:00:00]} 2. Bg5 {[%emt 0:00:01]} c5 {[%emt 0:00:00]} 3. d5 {[%emt 0:00:02]} h6 {[%emt 0:00:16]} 4. Bxf6 {[%emt 0:00:18]} exf6 {[%emt 0:00:02]} 5. c3 {[%emt 0:00:09]} d6 {[%emt 0:00:07]} 6. e3 {[%emt 0:00:19]} g6 {[%emt 0:00:13]} 7. g3 {[%emt 0:01:19]} Bg7 {[%emt 0:00:08]} 8. Bg2 {[%emt 0:00:02]} O-O {[%emt 0:00:08]} 9. a4 {[%emt 0:00:50]} f5 {[%emt 0:00:05]} 10. Ne2 {[%emt 0:00:05]} Nd7 {[%emt 0:00:10]} 11. Na3 {[%emt 0:01:07]} Ne5 {[%emt 0:00:10]} 12. O-O {[%emt 0:00:41]} h5 {[%emt 0:01:00]} 13. h4 {[%emt 0:00:35]} Re8 {[%emt 0:00:17]} 14. Nf4 {[%emt 0:00:15]} Bd7 {[%emt 0:00:30]} 15. Qb3 {[%emt 0:01:05]} Qb6 {[%emt 0:00:15]} 16. Qc2 {[%emt 0:04:23]} Qa6 {[%emt 0:00:51]} 17. b3 {[%emt 0:00:01]} Rac8 {[%emt 0:00:23]} 18. c4 {[%emt 0:00:34]} Ng4 {[%emt 0:00:27]} 19. Ra2 {[%emt 0:00:49]} Qa5 {[%emt 0:00:30]} 20. Nd3 {[%emt 0:00:25]} a6 {[%emt 0:00:10]} 21. Rb1 {[%emt 0:00:26]} Qd8 {[%emt 0:00:18]} 22. b4 {[%emt 0:00:22]} b6 {[%emt 0:01:37]} 23. a5 {[%emt 0:00:42]} bxa5 {[%emt 0:00:23]} 24. bxa5 {[%emt 0:01:00]} Rb8 {[%emt 0:00:51]} 25. Rxb8 {[%emt 0:00:32]} Qxb8 {[%emt 0:00:02]} 26. Nb1 {[%emt 0:00:06]} Qc7 {[%emt 0:00:23]} 27. Nd2 {[%emt 0:00:10]} Rb8 {[%emt 0:00:06]} 28. Ra3 {[%emt 0:00:13]} Rb7 {[%emt 0:00:27]} 29. Rb3 {[%emt 0:00:11]} Rxb3 {[%emt 0:00:27]} 30. Nxb3 {[%emt 0:00:17]} Ba4 {[%emt 0:00:05]} 31. Qa2 {[%emt 0:00:02]} Bxb3 {[%emt 0:00:05]} 32. Qxb3 {[%emt 0:00:02]} Qxa5 {[%emt 0:00:01]} 33. Qb8+ {[%emt 0:00:02]} Bf8 {[%emt 0:00:01]} 34. Bf1 {[%emt 0:00:09]} Qa2 {[%emt 0:00:06]} 35. Qb2 {[%emt 0:00:27]} Qa4 {[%emt 0:00:40]} 36. Nf4 {[%emt 0:00:06]} a5 {[%emt 0:00:15]} 37. Kg2 {[%emt 0:00:08]} Qb4 {[%emt 0:00:09]} 38. Nd3 {[%emt 0:00:07]} Qxc4 {[%emt 0:00:08]} 39. Nf4 {[%emt 0:00:07]} Qb4 {[%emt 0:00:06]} 40. Qc2 {[%emt 0:00:02]} a4 {[%emt 0:00:31]} 41. Bd3 {[%emt 0:00:01]} Qe1 {[%emt 0:01:15]} 42. Bc4 {[%emt 0:00:06]} Qxe3 {[%emt 0:00:24]} 43. Kf1 0-1

[Event "ESP-ch Rapid 2018"]
[Site "Linares"]
[Date "2018.08.19"]
[Round "7"]
[White "Silva Rodriguez, Fernando"]
[Black "Ladron De Guevara Pinto, Paolo"]
[Result "0-1"]
[WhiteElo "2239"]
[BlackElo "2424"]
[Annotator "NA RC"]
[PlyCount "84"]
[EventDate "2018.08.19"]
[EventType "team-tourn"]
[EventCountry "ESP"]
[SourceTitle "playchess.com"]
[Source "ChessBase"]
[SourceQuality "1"]
[TimeControl "900+5"]

1. d4 {[%emt 0:00:00]} d5 {[%emt 0:00:00]} 2. c4 {[%emt 0:00:00]} e6 {[%emt 0:00:00]} 3. Nf3 {[%emt 0:00:01]} Nf6 {[%emt 0:00:00]} 4. Nc3 {[%emt 0:00:02]} c6 {[%emt 0:00:01]} 5. e3 {[%emt 0:00:02]} Nbd7 {[%emt 0:00:01]} 6. Qc2 {[%emt 0:00:02]} Bd6 {[%emt 0:00:05]} 7. Be2 {[%emt 0:00:03]} O-O {[%emt 0:00:06]} 8. O-O {[%emt 0:00:03]} b6 {[%emt 0:00:04]} 9. e4 {[%emt 0:00:23]} dxe4 {[%emt 0:00:07]} 10. Nxe4 {[%emt 0:00:02]} Nxe4 {[%emt 0:00:58]} 11. Qxe4 {[%emt 0:00:03]} Bb7 {[%emt 0:00:03]} 12. Bf4 {[%emt 0:01:13]} Nf6 {[%emt 0:00:25]} 13. Qe3 {[%emt 0:00:06]} c5 {[%emt 0:00:01]} 14. Bxd6 {[%emt 0:02:05]} Qxd6 {[%emt 0:00:02]} 15. dxc5 {[%emt 0:00:07]} bxc5 {[%emt 0:00:22]} 16. Ne5 {[%emt 0:00:11]} Ne4 {[%emt 0:01:19]} 17. Nd3 {[%emt 0:00:44]} f5 {[%emt 0:02:14]} 18. Bf3 {[%emt 0:01:05]} Rac8 {[%emt 0:00:28]} 19. Rfd1 {[%emt 0:00:14]} Rfd8 {[%emt 0:01:15]} 20. Rac1 {[%emt 0:00:36]} Qc7 {[%emt 0:00:20]} 21. a3 {[%emt 0:00:33]} h6 {[%emt 0:00:10]} 22. b4 {[%emt 0:00:18]} cxb4 {[%emt 0:01:19]} 23. axb4 {[%emt 0:00:02]} Qb6 {[%emt 0:00:06]} 24. h3 {[%emt 0:06:33]} Rd4 {[%emt 0:02:22]} 25. Nc5 {[%emt 0:00:11]} Rxd1+ {[%emt 0:00:29]} 26. Rxd1 {[%emt 0:00:01]} Qxb4 {[%emt 0:00:30]} 27. Nxe4 {[%emt 0:00:04]} fxe4 {[%emt 0:00:34]} 28. Bxe4 {[%emt 0:00:02]} Qa4 {[%emt 0:01:11]} 29. Rd4 {[%emt 0:01:38]} Bxe4 {[%emt 0:01:07]} 30. Rxe4 {[%emt 0:00:19]} Rxc4 {[%emt 0:00:26]} 31. Rxe6 {[%emt 0:00:21]} Rc8 {[%emt 0:00:47]} 32. Re7 {[%emt 0:00:03]} Qd1+ {[%emt 0:00:02]} 33. Kh2 {[%emt 0:00:05]} Qd6+ {[%emt 0:00:01]} 34. g3 {[%emt 0:00:05]} a5 {[%emt 0:00:20]} 35. Ra7 {[%emt 0:00:02]} Qc5 {[%emt 0:00:21]} 36. Qe6+ {[%emt 0:00:27]} Kh8 {[%emt 0:00:01]} 37. Qf7 {[%emt 0:00:07]} Qe5 {[%emt 0:00:13]} 38. Re7 {[%emt 0:00:08]} Qd4 {[%emt 0:00:04]} 39. Rd7 {[%emt 0:00:04]} Qe5 {[%emt 0:00:02]} 40. Re7 {[%emt 0:00:01]} Qc3 {[%emt 0:00:03]} 41. Re3 {[%emt 0:00:11]} Qb2 {[%emt 0:00:09]} 42. Qd7 {[%emt 0:00:04]} Qxf2+ {[%emt 0:00:03]} 0-1

[Event "ESP-ch Rapid 2018"]
[Site "Linares"]
[Date "2018.08.19"]
[Round "7"]
[White "Garcia Romero, Benjamin Abel"]
[Black "Arizmendi Martinez, Julen Luis"]
[Result "1-0"]
[WhiteElo "2230"]
[BlackElo "2507"]
[Annotator "TA"]
[PlyCount "53"]
[EventDate "2018.08.19"]
[EventType "team-tourn"]
[EventCountry "ESP"]
[SourceTitle "playchess.com"]
[Source "ChessBase"]
[SourceQuality "1"]

{[%evp 21,53,0,30,0,0,-6,-6,-26,-16,-52,0,-16,-17,-16,-10,-14,37,37,46,50,70,72,79,68,85,79,395,402,401,391,916,712,1250,1201]} 1. e4 e6 2. d4 d5 3. Nd2 Be7 4. c3 c5 5. exd5 exd5 6. Ngf3 Nf6 7. Bb5+ Nc6 8. dxc5 Bxc5 9. O-O O-O 10. Nb3 {C08: French Tarrasch: 3...c5 4 exd5 exd5 sidelines} Bb6 11. Bg5 (11. Nfd4 Qd6 12. Re1 Bg4 13. Qd3 a6 14. Bxc6 bxc6 15. Qg3 Qxg3 16. hxg3 c5 17. Nc6 a5 {0-1 (46) Mamedov,R (2709)-Rapport,R (2707) Riadh 2017}) 11... Be6 {LiveBook: 6 Games} 12. Qd3 $146 {White has an edge.} ({Predecessor:} 12. Nfd4 Nxd4 13. Nxd4 h6 14. Bh4 g5 15. Bg3 {½-½ (31) Pavasovic,D (2557)-Polzin,R (2460) Austria 2012}) 12... h6 13. Be3 Bg4 14. Bxc6 bxc6 15. Ne5 Rc8 (15... Qd6 $15 16. Rae1 Rfe8) 16. Bc5 Re8 17. Rfe1 {[%cal Bf1e1,Be1e3,Be3e7,Be7b7][%mdl 32]} Be6 18. f3 Bxc5+ (18... Qc7 $11) 19. Nxc5 $14 Qb6 20. b4 $1 Re7 21. Re3 d4 22. Qxd4 Rd8 {[#]} 23. Qh4 $1 Rd2 $2 {[%mdl 8192]} (23... Rde8 $16) 24. Nc4 $18 Bxc4 25. Rxe7 Bd5 $2 (25... Be6 26. Rb7 Qd8) 26. Qf4 Rc2 27. Rb7 {Precision: White = 50%, Black = 20%.} 1-0